The fabric of resistance : textile workshops and the rise of rebellious landscapes in colonial Peru /

""The Fabric of Resistance" documents the impact of Spanish colonial institutions of labor on identity and social cohesion in Peru. Through archaeological and historical lines of evidence, it examines the long-term social conditions that enabled the large-scale rebellions in the late...

Full description

Bibliographic Details
Main Author: Hu, Di, 1985- (Author)
Format: Book
Language:English
Published: Tuscaloosa : The University of Alabama Press, [2022]
Series:Historical archaeology in South America
Subjects:

MARC

Tag First Indicator Second Indicator Subfields
LEADER 00000cam a2200000 i 4500
001 in00004562521
003 OCoLC
005 20220323093120.9
008 210820s2022 aluab b 001 0 eng
010 |a  2021031935 
024 8 |a 40031030367 
040 |a DLC  |b eng  |e rda  |c DLC  |d OCLCO  |d OCLCF  |d UKMGB  |d YDX 
020 |a 9780817321154  |q hardcover 
020 |a 0817321152  |q hardcover 
020 |z 9780817393885  |q electronic book 
035 |a (OCoLC)1243351997 
042 |a pcc 
043 |a s------ 
050 0 0 |a F3444  |b .H8 2022 
082 0 0 |a 985/.03  |2 23 
084 |a HIS033000  |a SOC008000  |2 bisacsh 
100 1 |a Hu, Di,  |d 1985-  |e author. 
245 1 4 |a The fabric of resistance :  |b textile workshops and the rise of rebellious landscapes in colonial Peru /  |c Di Hu. 
246 3 0 |a Textile workshops and the rise of rebellious landscapes in colonial Peru 
264 1 |a Tuscaloosa :  |b The University of Alabama Press,  |c [2022] 
300 |a xv, 230 pages :  |b illustrations, maps ;  |c 24 cm. 
336 |a text  |b txt  |2 rdacontent 
337 |a unmediated  |b n  |2 rdamedia 
338 |a volume  |b nc  |2 rdacarrier 
490 0 |a Historical archaeology in South America 
504 |a Includes bibliographical references and index. 
505 0 |a Introduction: from fugitives to the "most addicted to revolution" -- Legacies of Inca imperialism -- Losing ground, expanding horizons (1640-1740) -- Embers of resistance in the shadow of the workshop (1690-1760) -- Rising cosmopolitanism in the age of Andean insurrections (1770-1815) -- Hats of many colors: identity formation in the wars of independence (1814-1824). 
520 |a ""The Fabric of Resistance" documents the impact of Spanish colonial institutions of labor on identity and social cohesion in Peru. Through archaeological and historical lines of evidence, it examines the long-term social conditions that enabled the large-scale rebellions in the late Spanish colonial period in Peru (1780s-1820s). Hu argues that, despite the Spanish government's emphasis on divide-and-control, workers of diverse backgrounds actively resisted proscriptions against intercaste mixing. This cultural mixing underpinned the coordinated nature of late colonial rebellions. Archaeological perspectives are lacking on what were the largest and most cosmopolitan indigenous-led rebellions of the Americas, so this book fills an important gap and provides fresh perspectives and arguments on a perennially important subject"--  |c Provided by publisher. 
650 0 |a Indians of South America  |x Wars  |z Peru. 
650 0 |a Morochucan Indians. 
650 0 |a Indians of South America  |z Peru  |z Pomacocha  |x Economic conditions. 
650 0 |a Textile industry  |z Peru  |z Ayacucho  |x History. 
651 0 |a Latin America  |x Politics and government  |y 1806-1830. 
650 0 |a Indians  |x Colonization. 
651 0 |a Pomacocha (Peru) 
651 0 |a Peru  |x History  |y 1548-1820. 
650 7 |a HISTORY / Latin America / South America.  |2 bisacsh 
650 7 |a SOCIAL SCIENCE / Ethnic Studies / General.  |2 bisacsh 
650 7 |a Indians of South America  |x Economic conditions.  |2 fast  |0 (OCoLC)fst00969990 
650 7 |a Indians of South America  |x Wars.  |2 fast  |0 (OCoLC)fst00970090 
650 7 |a Morochucan Indians.  |2 fast  |0 (OCoLC)fst01026413 
650 7 |a Politics and government.  |2 fast  |0 (OCoLC)fst01919741 
650 7 |a Textile industry.  |2 fast  |0 (OCoLC)fst01148828 
651 7 |a Latin America.  |2 fast  |0 (OCoLC)fst01245945 
651 7 |a Peru.  |2 fast  |0 (OCoLC)fst01205190 
651 7 |a Peru  |z Ayacucho.  |2 fast  |0 (OCoLC)fst01205342 
648 7 |a 1548-1830  |2 fast 
655 7 |a History.  |2 fast  |0 (OCoLC)fst01411628 
945 |b 249091 
947 |a A14851681016 
980 |b print  |c 40031030367  |f NONFIC/B  |g 565714  |k USD  |m 48.56  |q 1  |s AcqMono Conventional  |t Approval plan  |u Vendor order reference number  |v ZYBP  |y Print approval  |z Physical resource 
999 f f |i 196da0a4-0215-4ee9-ad87-25bd6557f2c4  |s 55e92ff7-ad48-4dba-946e-924063d63e21  |t 0 
952 f f |p normal  |a Texas A&M University  |b College Station  |c Sterling C. Evans Library  |s Evans stk  |d Evans: Library Stacks  |t 0  |e F3444 .H8 2022  |h Library of Congress classification  |i unmediated -- volume  |m A14851681016